00473 2200181 4500001002100000005001500021035002000036245005500056100002300111250000600134300003200140260002700172082001200199084001800211020002200229650002300251990001700274INLIS00000000000125020190719051331 a0010-07190000111 aKisah Hidup Umar Ibn Khattab /cDr. Musthafa Murad0 aDr. Musthafa Murad a- a262 hlm. :bilus. ;c21 cm. a2012 :bJakarta,c2012 a297.648 a297.648 MUS k a978-979-024-315-6 aKisah Sahabat Nabi a04474/H/2018